[Event "SpeedChess Final 2024"]
[Site "Paris FRA"]
[Date "2024.09.06"]
[Round "1.1"]
[White "Carlsen, M."]
[Black "Niemann, Hans Moke"]
[Result "1-0"]
[WhiteElo "2832"]
[BlackElo "2733"]
[PlyCount "71"]
[EventDate "2024.09.06"]
[EventType "k.o."]

1. b3 d5 2. Nf3 Bf5 3. Bb2 e6 4. g3 Nf6 5. Bg2 h6 6. d3 Be7 7. Nbd2 O-O 8. O-O a5 9. a3 Bh7 10. c4 Nc6 11. cxd5 exd5 12. Rc1 Re8 13. Re1 Bf8 $146 ({RR} 13... Bd6 14. Rc2 Re6 15. Rxc6 bxc6 16. Nd4 Re8 17. Nxc6 Qd7 18. Qc2 Ra6 19. Rc1 Rxe2 20. Nd4 Re8 21. b4 axb4 22. axb4 Bxb4 23. N2b3 Rb6 24. Ba1 Ra8 25. Bf1 Ba3 26. Qxc7 Rxb3 27. Nxb3 Bxc1 28. Qxc1 {Skomorokhin,R (2353)-Chakravarthi,R (2413) Menton 2018 0-1}) 14. Rc2 Nb8 15. Qc1 c5 16. Rxc5 Bxc5 17. Qxc5 Nbd7 18. Qb5 Re6 19. Bh3 Rb6 20. Qa4 Nc5 21. Qd4 Nxb3 22. Nxb3 Rxb3 23. Nd2 Rb5 24. Nf1 Qb6 25. Qxb6 Rxb6 26. Bd4 Rb3 27. Ra1 b5 28. Nd2 a4 29. f3 Ne8 30. Nxb3 axb3 31. Rb1 Rxa3 32. Kf2 Nc7 33. Rc1 Ra2 34. Ke3 Ne8 35. Rc8 Kf8 36. Bc5+ 1-0

[Event "SpeedChess Final 2024"]
[Site "Paris FRA"]
[Date "2024.09.07"]
[Round "2.3"]
[White "Nakamura, Hi"]
[Black "Niemann, Hans Moke"]
[Result "1-0"]
[WhiteElo "2802"]
[BlackElo "2733"]
[PlyCount "85"]
[EventDate "2024.09.06"]
[EventType "k.o."]

1. Nf3 d5 2. g3 Nc6 3. d4 Bf5 4. c3 e6 5. Bg2 Be7 ({RR} 5... Nf6 6. Bg5 Be7 7. Nbd2 O-O 8. O-O Ne4 9. Bxe7 Nxe7 10. Nh4 Nxd2 11. Qxd2 c6 12. Rfc1 Bg4 13. h3 Bh5 14. c4 Ng6 15. Nxg6 Bxg6 16. cxd5 exd5 17. b4 Qd7 18. a4 Rfe8 19. e3 h5 20. h4 {Flores,D (2551)-Mareco,S (2591) Punta del Este URU 2025 ½-½}) 6. O-O h5 ({RR} 6... Nf6 7. Nbd2 h6 8. b4 O-O 9. Nb3 Ne4 10. Bd2 a5 11. b5 Nb8 12. a4 Nd7 13. Qc1 Nb6 14. Ne5 Bf6 15. Nd3 Nc4 16. Bf4 b6 17. Re1 Ng5 18. Be5 Rc8 19. Nd2 Nxd2 20. Qxd2 Be7 21. Bf4 {Kunte,A (2491)-Carlsen,M (2838) Chess.com INT 2017 0-1 (44)}) 7. h3 Nf6 $146 ({RR} 7... h4 8. g4 Bxg4 9. hxg4 h3 10. Bh1 Nf6 11. Nh2 Bd6 12. f4 Nxg4 13. Nxg4 h2+ 14. Nxh2 Qh4 15. Rf2 g5 16. e3 Kd7 17. Qg4 Qh7 18. Bxd5 Ne7 19. Bxe6+ fxe6 20. Qe2 gxf4 21. exf4 Rag8+ 22. Kf1 {Degand,A (2054)-Dehesdin,W (2060) France 2003 0-1 (34)}) 8. Bg5 Ne4 9. Bxe7 Qxe7 10. Nbd2 a5 11. a4 g5 12. Ne1 h4 13. g4 Bg6 14. Nxe4 dxe4 15. f3 e5 16. d5 exf3 17. Nxf3 O-O-O 18. Nd2 Qc5+ 19. Rf2 e4 20. Bxe4 Ne5 21. Bg2 Rhe8 22. Nb3 Qb6 23. Nd4 Nc4 24. Qc1 Ne3 25. Bf3 Re5 26. b4 Nxd5 27. bxa5 Qxa5 28. Ra3 c6 29. Rb3 Qc5 30. Qb2 Rd7 31. a5 Nxc3 32. Rxc3 Qxd4 33. a6 Kb8 34. Bxc6 Rc7 35. a7+ Qxa7 36. Rb3 Rc5 37. Bf3 Qa6 38. Kg2 f6 39. Rf1 Bf7 40. Ra1 Qc6 41. Bxc6 R5xc6 42. Re3 Bd5+ 43. Kf2 1-0

[Event "SpeedChess Final 2024"]
[Site "Paris FRA"]
[Date "2024.09.07"]
[Round "2.5"]
[White "Nakamura, Hi"]
[Black "Niemann, Hans Moke"]
[Result "1-0"]
[WhiteElo "2802"]
[BlackElo "2733"]
[PlyCount "103"]
[EventDate "2024.09.06"]
[EventType "k.o."]

1. Nf3 d5 2. e3 Nf6 3. c4 e6 4. b3 Bd6 5. Bb2 O-O 6. g3 b6 7. Bg2 Bb7 8. O-O Nbd7 9. Qe2 Qe7 10. d3 c5 ({RR} 10... Rfe8 11. Nc3 a6 12. Rac1 Rac8 13. Rfd1 Ba3 14. cxd5 exd5 15. Bxa3 Qxa3 16. Bh3 Qd6 17. d4 Rcd8 18. Qc2 Re7 19. Ne2 c6 20. Nf4 Ne4 21. Nd3 Ndf6 22. b4 g6 23. a4 Kg7 24. a5 b5 25. Nfe5 {Nakamura,H (2802)-Niemann,H (2733) Paris FRA 2024 1-0 (53)}) 11. Nc3 a6 12. Rfd1 Rac8 $146 ({RR} 12... Rfd8 13. Rac1 Rac8 14. Nh4 Bb8 15. cxd5 exd5 16. d4 Qe6 17. dxc5 bxc5 18. Nf3 h6 19. Qf1 Qe7 20. Na4 Re8 21. Ne1 Ne4 22. Nd3 Bd6 23. Nc3 Nef6 24. Ne2 Ba8 25. Ndf4 Nb6 26. Bxf6 Qxf6 27. Nxd5 {Nakamura,H (2780)-Mitrabha,G (2515) chess.com INT 2023 0-1 (67)}) 13. Nh4 Bb8 14. cxd5 exd5 15. d4 Qe6 16. Qf1 cxd4 17. exd4 g6 18. Re1 Qd6 19. Qd3 Rfe8 20. Rac1 Nf8 21. Nf3 Ne4 22. Ne5 f6 23. Ng4 f5 24. Ne5 Nd7 25. Ne2 b5 26. f3 Nef6 27. Nf4 Rxc1 28. Rxc1 Qb6 29. Nxd7 Nxd7 30. Ne2 b4 31. Qd2 a5 32. Rd1 Ba6 33. Nc1 f4 34. Re1 Qd8 35. g4 Nf8 36. Bf1 Bxf1 37. Kxf1 Ne6 38. Nd3 Ng5 39. Kg2 h5 40. h3 Kf7 41. Rxe8 Qxe8 42. Ne5+ Bxe5 43. dxe5 Ne6 44. Qxd5 Qd8 45. Qxd8 Nxd8 46. Bc1 hxg4 47. fxg4 g5 48. h4 Ke6 49. hxg5 Kxe5 50. Kf3 Ne6 51. Bb2+ Kd5 52. g6 1-0

[Event "SpeedChess Final 2024"]
[Site "Paris FRA"]
[Date "2024.09.07"]
[Round "2.7"]
[White "Nakamura, Hi"]
[Black "Niemann, Hans Moke"]
[Result "1-0"]
[WhiteElo "2802"]
[BlackElo "2733"]
[PlyCount "105"]
[EventDate "2024.09.06"]
[EventType "k.o."]

1. Nf3 d5 2. e3 Nf6 3. c4 e6 4. b3 Bd6 5. Bb2 O-O 6. g3 b6 7. Bg2 Bb7 8. O-O Nbd7 9. Qe2 Qe7 10. d3 Rfe8 $146 ({RR} 10... c5 11. Nc3 a6 12. Rfd1 Rac8 13. Nh4 Bb8 14. cxd5 exd5 15. d4 Qe6 16. Qf1 cxd4 17. exd4 g6 18. Re1 Qd6 19. Qd3 Rfe8 20. Rac1 Nf8 21. Nf3 Ne4 22. Ne5 f6 23. Ng4 f5 24. Ne5 Nd7 25. Ne2 {Nakamura,H (2802)-Niemann,H (2733) Paris FRA 2024 1-0 (52)}) 11. Nc3 a6 12. Rac1 Rac8 13. Rfd1 Ba3 14. cxd5 exd5 15. Bxa3 Qxa3 16. Bh3 Qd6 17. d4 Rcd8 18. Qc2 Re7 19. Ne2 c6 20. Nf4 Ne4 21. Nd3 Ndf6 22. b4 g6 23. a4 Kg7 24. a5 b5 25. Nfe5 Ng5 26. Bg2 Rc7 27. Qc5 Nge4 28. Qb6 Ra8 29. f3 Ng5 30. Nf4 Nd7 31. Nxd7 Rxd7 32. Qc5 Qxc5 33. Rxc5 f5 34. e4 dxe4 35. fxe4 Nxe4 36. Bxe4 fxe4 37. Re5 Kg8 38. Kf2 Rf8 39. Ke3 Bc8 40. Rc1 Rd6 41. Kxe4 Bf5+ 42. Ke3 Rfd8 43. d5 cxd5 44. Kd4 Be4 45. Rc7 R6d7 46. Rc6 Kf7 47. Ree6 g5 48. Nh3 g4 49. Nf4 Kg7 50. Rxa6 Rc7 51. Rac6 Rdc8 52. Rxc7+ Rxc7 53. Rxe4 1-0

[Event "SpeedChess Final 2024"]
[Site "Paris FRA"]
[Date "2024.09.07"]
[Round "2.11"]
[White "Nakamura, Hi"]
[Black "Niemann, Hans Moke"]
[Result "1-0"]
[WhiteElo "2802"]
[BlackElo "2733"]
[PlyCount "141"]
[EventDate "2024.09.06"]
[EventType "k.o."]

1. Nf3 {Sagar,Shah/CB Website} Nf6 2. e3 g6 3. c4 Bg7 4. b3 O-O 5. Bb2 c5 6. g3 b6 7. Bg2 Bb7 8. O-O d6 9. Qe2 ({RR} 9. d4 Nbd7 10. d5 Ng4 11. Bxg7 Kxg7 12. Nc3 Nge5 13. Nd2 f5 14. f4 Ng4 15. Qe1 Ngf6 16. e4 Nxe4 17. Ndxe4 fxe4 18. Nxe4 h6 19. Qc3+ Nf6 20. Rae1 Kh7 21. f5 g5 22. Re2 Qd7 23. Rfe1 Rae8 {Serban,C (2332)-Calens,D (2009) chess.com INT 2025 1-0 (40)}) 9... e5 ({RR} 9... Nbd7 10. Rd1 e6 11. Nc3 Qe7 12. d4 Rad8 13. Qc2 ({RR} 13. e4) 13... d5 14. Ne5 cxd4 15. exd4 Nxe5 16. dxe5 Ng4 17. cxd5 exd5 18. Bxd5 ({RR} 18. Nxd5 Bxd5 19. Rxd5 Rxd5 20. Bxd5 Bxe5 21. Rd1) 18... Nxe5 19. Qe4 Bc8 20. Re1 Bf5 21. Qe3 Qc5 22. Rad1 Bg4 ({RR} 22... Nd3 23. Rxd3 Bxd3 24. Qxd3 Bxc3) 23. Rb1 Bf5 ({RR} 23... Rxd5 24. Nxd5 Nf3+ 25. Kg2 Qxd5) 24. Be4 {Giri,A (2784)-Vachier Lagrave,M (2773) London 2015 CBM 170 [Sagar,Shah/CB Website] 0-1 (41)}) 10. d3 $146 ({RR} 10. Rd1 Re8 11. d3 Nbd7 12. Nxe5 Bxg2 13. Nxd7 Bc6 14. Nxf6+ Bxf6 15. Bxf6 Qxf6 16. Nd2 d5 17. f3 Rad8 18. Qf2 dxc4 19. dxc4 Rxd2 20. Qxd2 Qxf3 {0-1 (20) Hoehler,W (1927)-Weller,K (2030) Neustadt an der Weinstrasse 2012}) 10... Nbd7 11. Nc3 h6 12. Rfe1 Re8 13. Nxe5 Bxg2 14. Nxd7 Bc6 15. Nxf6+ Qxf6 16. Na4 Qg5 17. Bxg7 Kxg7 18. Nc3 Qf6 19. Rac1 Bf3 20. Qb2 Re5 21. e4 Qg5 22. Nb1 Qf6 23. Nd2 Bg4 24. f4 Re7 25. Qxf6+ Kxf6 26. Nb1 Bd7 27. Nc3 Bc6 28. Kf2 a6 29. a4 Kg7 30. Rb1 a5 31. Rbd1 Rae8 32. Re2 Bd7 33. Rde1 Bg4 34. Re3 Rb7 35. Kg2 Bd7 36. h3 Bc6 37. Kf2 h5 38. R3e2 Rbe7 39. Rg1 Rh8 40. Rg2 Ree8 41. Rh2 Bd7 42. Kf3 f5 43. Nd5 Bc6 44. Re3 Bxd5 45. cxd5 Re7 46. Rhe2 Rhe8 47. g4 fxe4+ 48. dxe4 hxg4+ 49. hxg4 g5 50. fxg5 Kg6 51. Rh2 Kxg5 52. Rh5+ Kg6 53. Kf4 Rf7+ 54. Rf5 Rh7 55. e5 Rh1 56. exd6 Rf1+ 57. Rf3 Rd1 58. Kg3 Rd8 59. Rf6+ Kg7 60. Rf7+ Kg8 61. R7f6 Rxd5 62. Rg6+ Kh7 63. Rff6 Re8 64. Re6 Rd8 65. Kf4 Rf8+ 66. Rgf6 Rxf6+ 67. Rxf6 Kg7 68. g5 Rd3 69. Ke5 Re3+ 70. Kd5 Rd3+ 71. Kc6 1-0

[Event "SpeedChess Final 2024"]
[Site "Paris FRA"]
[Date "2024.09.07"]
[Round "2.13"]
[White "Nakamura, Hi"]
[Black "Niemann, Hans Moke"]
[Result "1-0"]
[WhiteElo "2802"]
[BlackElo "2733"]
[PlyCount "153"]
[EventDate "2024.09.06"]
[EventType "k.o."]

1. Nf3 d5 2. e3 Nf6 3. c4 e6 4. b3 Bd6 5. Bb2 O-O 6. g3 Re8 ({RR} 6... b6 7. Bg2 Bb7 8. O-O Nbd7 9. Qe2 Qe7 10. d3 c5 11. Nc3 a6 12. Rfd1 Rac8 13. Nh4 Bb8 14. cxd5 exd5 15. d4 Qe6 16. Qf1 cxd4 17. exd4 g6 18. Re1 Qd6 19. Qd3 Rfe8 20. Rac1 Nf8 21. Nf3 {Nakamura,H (2802)-Niemann,H (2733) Paris FRA 2024 1-0 (52)}) 7. Bg2 c6 8. d3 $146 ({RR} 8. d4 Nbd7 9. O-O b6 10. Nbd2 Bb7 11. Ne5 Rc8 12. Rc1 Bf8 13. cxd5 cxd5 14. Rxc8 Qxc8 15. Nd3 Ba6 16. Qb1 Qb7 17. Rc1 Rc8 18. Bf1 h5 19. Rc2 h4 20. gxh4 Be7 21. Qc1 Rxc2 22. Qxc2 Ne4 {Sonis,F (2570)-Bok,B (2583) chess.com INT 2025 0-1 (50)}) 8... e5 9. O-O Bg4 10. h3 Bh5 11. Qc2 Nbd7 12. Nc3 Rc8 13. Nh4 d4 14. exd4 exd4 15. Ne4 Nxe4 16. dxe4 Be5 17. Qd2 d3 18. Bxe5 Nxe5 19. f4 Nd7 20. Qxd3 Qb6+ 21. Kh2 Nc5 22. Qc2 f6 23. g4 Bf7 24. Nf5 Rcd8 25. Rad1 Qc7 26. Rxd8 Rxd8 27. Qf2 Ne6 28. Qg3 Rd2 29. e5 fxe5 30. fxe5 Bg6 31. h4 h6 32. h5 Bxf5 33. gxf5 Ng5 34. e6 Qxg3+ 35. Kxg3 Kf8 36. f6 Nxe6 37. Be4 Ng5 38. Bg6 gxf6 39. Rxf6+ Ke7 40. Rf2 Rxf2 41. Kxf2 Kd6 42. Ke3 Ke5 43. Be8 c5 44. a3 b6 45. b4 Ne6 46. Bg6 Nd4 47. bxc5 bxc5 48. Bd3 Ne6 49. Bg6 Nd4 50. Bd3 Nf5+ 51. Kf3 Ng7 52. Kg4 Ne8 53. Kf3 Kd4 54. Bg6 Nd6 55. Kf4 Nxc4 56. Kf5 Nxa3 57. Kf6 c4 58. Kg7 c3 59. Kxh6 c2 60. Bxc2 Nxc2 61. Kg6 a5 62. h6 a4 63. h7 a3 64. h8=Q+ Kc4 65. Kf5 Kb3 66. Qb8+ Kc3 67. Qg8 Kb2 68. Qg7+ Kb3 69. Qf7+ Kb2 70. Qf6+ Kb3 71. Qb6+ Kc3 72. Qc5+ Kb3 73. Qd5+ Kc3 74. Ke4 Kb2 75. Qb5+ Kc3 76. Qa4 Kb2 77. Kd3 1-0

[Event "SpeedChess Final 2024"]
[Site "Paris FRA"]
[Date "2024.09.07"]
[Round "2.15"]
[White "Nakamura, Hi"]
[Black "Niemann, Hans Moke"]
[Result "1-0"]
[WhiteElo "2802"]
[BlackElo "2733"]
[PlyCount "57"]
[EventDate "2024.09.06"]
[EventType "k.o."]

1. Nf3 d5 2. e3 Nf6 3. c4 c6 4. Nc3 a6 5. Qc2 g6 6. b3 Bg7 7. Bb2 O-O 8. d4 Bf5 9. Bd3 Bxd3 10. Qxd3 Nbd7 11. O-O e6 12. Rac1 $146 ({RR} 12. e4 dxe4 13. Nxe4 Nxe4 14. Qxe4 Qa5 15. Qe1 Qf5 16. Qb4 Rab8 17. Rad1 Rfd8 18. Rfe1 b5 19. cxb5 axb5 20. Qd2 Ra8 21. Ra1 Qd5 22. Qc2 Ra6 23. a4 Rb8 24. axb5 Rxa1 25. Rxa1 Qxb5 26. Ra7 Qxb3 {Krishna Teja,N (2188)-Ghosh,D (2473) Kolkata 2013 ½-½ (39)}) 12... Re8 13. Rfd1 Qe7 14. e4 dxe4 15. Nxe4 Nxe4 16. Qxe4 Rad8 17. Qe2 Nf6 18. Rd3 Nh5 19. g3 Bf6 20. Rcd1 Ng7 21. g4 Qc7 22. h3 h5 23. Qe4 Rd7 24. Ne5 Rd6 25. Bc1 Qa5 26. Bd2 Qxa2 27. Qf4 Qc2 28. Qxf6 Qxd1+ 29. Kg2 1-0

[Event "SpeedChess Final 2024"]
[Site "Paris FRA"]
[Date "2024.09.07"]
[Round "2.17"]
[White "Nakamura, Hi"]
[Black "Niemann, Hans Moke"]
[Result "1-0"]
[WhiteElo "2802"]
[BlackElo "2733"]
[PlyCount "179"]
[EventDate "2024.09.06"]
[EventType "k.o."]

1. Nf3 Nf6 2. e3 d5 3. c4 e6 4. b3 Bd6 5. Bb2 O-O 6. d4 b6 7. Bd3 Bb7 8. O-O Nbd7 9. Nc3 Ne4 10. Nb5 ({RR} 10. cxd5 exd5 11. Qc2 Nxc3 12. Bxc3 h6 13. b4 Qe7 14. Rfc1 a6 15. a4 Rfe8 16. b5 axb5 17. axb5 Nf6 18. Ne5 Ne4 19. Bb2 Qg5 20. Qe2 Qf6 21. f3 Ng5 22. Qf2 Ne6 23. f4 Rxa1 24. Rxa1 Ra8 {Narayanan,S (2669)-Sarana,A (2668) Almaty KAZ 2022 0-1 (38)}) 10... Be7 11. cxd5 exd5 12. Rc1 c5 $146 ({RR} 12... c6 13. Nc3 f5 14. Ne2 Bd6 15. Ne5 c5 16. Nf4 Qe7 17. Nxd7 Qxd7 18. dxc5 bxc5 19. Bxe4 fxe4 20. Nxd5 Bxh2+ 21. Kxh2 Bxd5 22. Kg1 Rfc8 23. Qh5 Qf7 24. Qg5 h6 25. Qg3 c4 26. bxc4 Bxc4 27. Rfd1 {Slovineanu,V (2412)-Sahib,S (2290) chess.com INT 2024 ½-½ (52)}) 13. dxc5 Ndxc5 14. Be2 a6 15. Nbd4 Bf6 16. Rc2 Rc8 17. Qa1 a5 18. Rfc1 Qd7 19. Nb5 Bxb2 20. Qxb2 Rfe8 21. Nbd4 Nd6 22. a3 Nce4 23. Bf1 g6 24. Ne2 Qe7 25. Nf4 Rxc2 26. Rxc2 Nf5 27. Nd4 Ned6 28. Nxf5 Nxf5 29. Qc1 Qd6 30. Rc7 Ba8 31. Rc8 Qd7 32. Rxe8+ Qxe8 33. Qc3 d4 34. exd4 Qe4 35. Ne2 Bd5 36. Qc7 Bxb3 37. Qxb6 a4 38. Qb8+ Kg7 39. Qe5+ Qxe5 40. dxe5 f6 41. exf6+ Kxf6 42. Nc3 Ke5 43. Bb5 Kd4 44. Nxa4 Nd6 45. Bd7 Nc4 46. h4 Nxa3 47. Nb6 Kc5 48. Ba4 Be6 49. Nd7+ Kb4 50. Nf8 Bg8 51. Bd7 Nc4 52. Be6 Bxe6 53. Nxe6 Ne5 54. Nf8 h5 55. f4 Ng4 56. Nxg6 Kc4 57. g3 Kd4 58. Kg2 Ke4 59. Nf8 Ne3+ 60. Kh3 Kf3 61. Nd7 Nd1 62. Ne5+ Ke4 63. Kg2 Ne3+ 64. Kg1 Nf5 65. Kf2 Ne3 66. Nd7 Ng4+ 67. Ke2 Kf5 68. Nc5 Nh2 69. Nd3 Ng4 70. Nf2 Nf6 71. Kf3 Ne8 72. Nd1 Nd6 73. Ne3+ Ke6 74. g4 hxg4+ 75. Kxg4 Kf6 76. h5 Ne4 77. Nd5+ Ke6 78. Ne3 Kf6 79. Kh4 Kg7 80. Ng4 Nd6 81. Kh3 Nf5 82. Kg2 Kh7 83. Kf3 Ng7 84. h6 Nf5 85. Ke4 Ng3+ 86. Ke5 Kg6 87. Ke6 Kh7 88. f5 Ne4 89. Nf6+ Nxf6 90. Kxf6 1-0

[Event "SpeedChess Final 2024"]
[Site "Paris FRA"]
[Date "2024.09.07"]
[Round "2.25"]
[White "Nakamura, Hi"]
[Black "Niemann, Hans Moke"]
[Result "1-0"]
[WhiteElo "2802"]
[BlackElo "2733"]
[PlyCount "69"]
[EventDate "2024.09.06"]
[EventType "k.o."]

1. Nf3 Nf6 2. e3 g6 3. b3 Bg7 4. Bb2 O-O 5. d4 b6 6. Be2 Bb7 7. O-O d6 8. c4 Nbd7 9. Qc2 Ne4 ({RR} 9... e6 10. Nc3 Qe7 11. e4 e5 12. dxe5 Nxe5 13. Nxe5 dxe5 14. Nd5 Qd6 15. Rfd1 c5 16. a4 a5 17. Rd2 Rad8 18. Rad1 Bxd5 19. cxd5 Bh6 20. Rd3 Bg5 21. Rf3 Qe7 22. Bb5 Ne8 23. Bxe8 Rfxe8 24. g3 {Nakamura,H (2802)-Carlsen,M (2831) chess.com INT 2024 ½-½ (58)}) 10. Rd1 a5 ({RR} 10... f5 11. Nc3 Nxc3 12. Bxc3 e6 13. d5 Bxc3 14. Qxc3 e5 15. b4 a5 16. a3 Qe7 17. Nd2 Nf6 18. e4 f4 19. c5 axb4 20. axb4 bxc5 21. bxc5 Rxa1 22. Rxa1 g5 23. Ra7 Rb8 24. Qb3 dxc5 25. d6+ {Balaji,A (2350)-Dardha,D (2645) chess.com INT 2025 1-0}) 11. Nc3 $146 ({RR} 11. Na3 e6 12. Nb5 Rc8 13. Na7 Ra8 14. Nb5 Rc8 15. d5 Bxb2 16. Qxb2 e5 17. a3 f5 18. b4 Rb8 19. Na7 f4 20. Nc6 Bxc6 21. dxc6 Ndf6 22. exf4 exf4 23. Nd4 Qe7 24. Bf3 Ng5 25. Re1 Nxf3+ {Nakamura,H (2736)-Potapova,M (2270) Chess.com INT 2020 1-0 (41)}) 11... Nxc3 12. Bxc3 f5 13. d5 Bxc3 14. Qxc3 e5 15. dxe6 Nc5 16. Nd4 Qe7 17. Rac1 Rae8 18. a3 Ne4 19. Qb2 Qh4 20. Bf3 g5 21. Nb5 Re7 22. b4 g4 23. Bxe4 Bxe4 24. c5 Rxe6 25. f4 gxf3 26. g3 Rg6 27. Qf2 f4 28. exf4 Rxf4 29. cxd6 Rfg4 30. d7 Rxg3+ 31. Kh1 Rg1+ 32. Rxg1 Qxf2 33. d8=Q+ Kg7 34. Rxc7+ Kh6 35. Qf8+ 1-0

[Event "SpeedChess Final 2024"]
[Site "Paris FRA"]
[Date "2024.09.07"]
[Round "2.27"]
[White "Nakamura, Hi"]
[Black "Niemann, Hans Moke"]
[Result "1-0"]
[WhiteElo "2802"]
[BlackElo "2733"]
[PlyCount "91"]
[EventDate "2024.09.06"]
[EventType "k.o."]

1. Nf3 Nf6 2. e3 b6 3. c4 Bb7 4. b3 g6 5. Bb2 Bg7 6. d4 O-O 7. Be2 d6 8. O-O Ne4 $146 ({RR} 8... Nbd7 9. Nc3 e6 10. Qc2 Qe7 11. Rac1 a6 12. Rfd1 c5 13. dxc5 Nxc5 14. Nd4 e5 15. Nf3 Rfd8 16. b4 Nce4 17. Nd5 Bxd5 18. cxd5 Nxf2 19. Kxf2 Ng4+ 20. Kg1 Nxe3 21. Qb3 Nxd1 22. Bxd1 Rac8 23. Rc6 {Donchev,D (2485)-Stripunsky,A (2490) Pardubice 1993 ½-½ (57)}) 9. Qc2 Nd7 10. Rd1 f5 11. Nc3 e6 12. b4 Qe7 13. a3 g5 14. Ne1 Nxc3 15. Bxc3 g4 16. Rab1 Qh4 17. c5 Nf6 18. Nd3 Ne4 19. c6 Bc8 20. Be1 Qh6 21. Qc1 Bf6 22. Rb3 Bg5 23. Nf4 a6 24. a4 Rf7 25. f3 gxf3 26. Bxf3 Nf6 27. Qa1 Rg7 28. Bf2 Bh4 29. Rf1 Bg5 30. Bg3 Bh4 31. Bxh4 Qxh4 32. Qb2 Qg5 33. b5 a5 34. Rc3 h5 35. Rc2 h4 36. Rcf2 Qh6 37. Kh1 Qg5 38. Qb3 Kf7 39. e4 Ke7 40. Nh3 Qg6 41. e5 Ne8 42. Re2 d5 43. Qa3+ Kf7 44. Nf4 Qg5 45. Bh5+ Kg8 46. Bxe8 1-0

[Event "1000GM Labor Super Swiss"]
[Site "San Jose CA USA"]
[Date "2024.09.02"]
[Round "6.1"]
[White "Cordova, E."]
[Black "Schitco, Ivan"]
[Result "1-0"]
[WhiteElo "2519"]
[BlackElo "2518"]
[PlyCount "41"]
[EventDate "2024.08.30"]

1. Nf3 d5 2. e3 Nf6 3. c4 e6 4. Nc3 dxc4 5. Bxc4 a6 6. Be2 c5 7. O-O Nc6 8. b3 Be7 9. Bb2 O-O 10. Rc1 $146 ({RR} 10. Na4 b5 11. Nxc5 Bxc5 12. Qc2 Nd7 13. Qc3 Qf6 14. d4 Bb7 15. dxc5 Qxc3 16. Bxc3 Nxc5 17. Rfc1 Ne4 18. Be1 Rfd8 19. Rc2 Rac8 20. Rac1 Ne7 21. Ne5 Rxc2 22. Rxc2 Nd5 23. f3 Nd6 24. e4 Nf4 {Sengupta,D (2497)-Liyanage,R (2310) Delhi IND 2022 1-0 (46)}) 10... b6 11. d4 cxd4 12. Na4 b5 13. Rxc6 bxa4 14. Bxd4 axb3 15. Qxb3 Qd5 16. Rc4 Qf5 17. Bd3 Qa5 18. Bxf6 gxf6 19. Be4 Ra7 20. Qb8 Qb5 21. Bxh7+ 1-0

[Event "Eastern Economic Forum"]
[Site "Vladivostok RUS"]
[Date "2024.09.04"]
[Round "7.1"]
[White "Artemiev, V."]
[Black "Kokarev, Dm"]
[Result "1-0"]
[WhiteElo "2701"]
[BlackElo "2538"]
[PlyCount "81"]
[EventDate "2024.09.03"]

1. Nf3 c5 2. b3 d6 3. Bb2 e5 4. c4 Nc6 5. g3 g6 6. Bg2 Bg7 7. d3 Nge7 8. Nc3 O-O ({RR} 8... h6 9. Nd2 Be6 10. O-O O-O 11. a3 d5 12. Qc2 b6 13. Rfb1 d4 14. Na2 a5 15. Bc1 Qd7 16. b4 axb4 17. axb4 cxb4 18. Nb3 Bh3 19. Bd2 Bxg2 20. Kxg2 Ra4 21. Nac1 Ra3 22. Na2 Qd6 23. Rb2 {Radjabov,T (2793)-Grischuk,A (2764) Beijing 2012 0-1 (39)}) 9. O-O h6 10. Ne1 ({RR} 10. Nd2 Be6 11. a3 a5 12. Nd5 Rb8 13. Rb1 b5 14. e3 Qd7 15. Qe2 Kh7 16. f4 f5 17. Ba1 a4 18. bxa4 bxc4 19. dxc4 e4 20. Bxg7 Kxg7 21. Nxe7 Qxe7 22. Rb5 Na7 23. Rxb8 Rxb8 24. Rb1 Rxb1+ {Diaz Vasquez,M (2269)-Flores,D (2549) Temuco CHI 2025 0-1 (59)}) 10... Be6 11. Nd5 $146 ({RR} 11. Rc1 a6 12. Nc2 Rb8 13. Ne3 b5 14. Ncd5 Qd7 15. f4 Nd4 16. fxe5 dxe5 17. Nf6+ Bxf6 18. Rxf6 Nef5 19. Nxf5 Bxf5 20. e3 Bg4 21. Qd2 Ne2+ 22. Kh1 Nxc1 23. Qxc1 Qxd3 24. Bxe5 Rbe8 25. Bd6 Qxe3 {Trimitzios,P (2353)-Womacka,M (2436) Chess.com INT 2019 ½-½ (52)}) 11... Qd7 12. Nc2 Bh3 13. e4 Nxd5 14. cxd5 Nd4 15. Ne3 Bxg2 16. Nxg2 b5 17. Bxd4 cxd4 18. Qd2 Rfc8 19. Rfc1 h5 20. Rxc8+ Rxc8 21. Rc1 Kh7 22. Rxc8 Qxc8 23. Ne1 h4 24. Qc2 Qg4 25. Kg2 h3+ 26. Kf1 f5 27. Qe2 Qg5 28. Qd1 Bh6 29. Nf3 Qd8 30. exf5 gxf5 31. Ng1 Qg8 32. Nxh3 Qxd5 33. Qh5 Kg7 34. Qxf5 a5 35. Ng1 a4 36. Qd7+ Kf6 37. bxa4 bxa4 38. Qxa4 e4 39. Qb3 Qf5 40. dxe4 Qxe4 41. Qf3+ 1-0

[Event "Titled Tue 3rd Sep Early"]
[Site "chess.com INT"]
[Date "2024.09.03"]
[Round "4"]
[White "Makarian, Rudik"]
[Black "Moiseenko, A1."]
[Result "1-0"]
[WhiteElo "2550"]
[BlackElo "2562"]
[PlyCount "113"]
[EventDate "2024.09.03"]

1. Nf3 d5 2. c4 d4 3. b4 a5 4. b5 c5 5. g3 ({RR} 5. e3 g6 6. exd4 Bg7 7. Na3 Nh6 8. Rb1 cxd4 9. d3 Nd7 10. Be2 O-O 11. Nxd4 Nc5 12. Nb3 Na4 13. Bxh6 Bxh6 14. Qc2 Bg7 15. d4 e5 16. Nd2 exd4 17. Qxa4 d3 18. Bf3 Re8+ 19. Kd1 Qd4 {Iturrizaga Bonelli,E (2650)-Hambleton,A (2501) Chess.com INT 2018 1-0 (58)}) ({RR} 5. bxc6 Nxc6 6. d3 e5 7. g3 Bb4+ 8. Nfd2 Nf6 9. Bg2 O-O 10. O-O Bg4 11. h3 Bh5 12. a3 Be7 13. Ne4 Nxe4 14. Bxe4 f5 15. Bg2 e4 16. g4 fxg4 17. Bxe4 gxh3 18. Kh1 Bd6 19. Nd2 Qd7 {Bogumil,T (2060)-Gunina,V (2425) Moscow RUS 2025 0-1}) 5... g6 6. Bg2 Bg7 7. O-O $146 ({RR} 7. d3 e5 8. Nbd2 Ne7 9. Ne4 Qc7 10. Bg5 Nd7 11. b6 Qxb6 12. Rb1 Qc7 13. Bxe7 Kxe7 14. g4 b6 15. Ng3 Bb7 16. O-O Rhe8 17. e3 Kf8 18. Ng5 Kg8 19. Bxb7 Qxb7 20. N5e4 Qc6 21. g5 Rad8 {Terry,R (2522)-Sattarov,B (2353) Samarkand UZB 2023 1-0 (59)}) 7... Ra7 8. b6 Qxb6 9. Na3 Nc6 10. Rb1 Qd8 11. e3 Nh6 12. exd4 cxd4 13. d3 O-O 14. Nb5 Ra6 15. Re1 Nf5 16. Bf4 a4 17. Qd2 Nd6 18. Nxd6 exd6 19. Rb5 Ra5 20. h4 Rxb5 21. cxb5 Ne7 22. Bh6 Nf5 23. Bxg7 Kxg7 24. Qb4 Re8 25. Rxe8 Qxe8 26. Nxd4 Qe5 27. Nxf5+ Bxf5 28. Bxb7 Qa1+ 29. Kh2 Qxa2 30. Qd4+ Kg8 31. Bd5 Qb1 32. Qf6 Be6 33. Bxe6 fxe6 34. Qxe6+ Kg7 35. Qe7+ Kg8 36. Qd8+ Kg7 37. b6 a3 38. Qe7+ Kg8 39. Qe8+ Kg7 40. Qd7+ Kh6 41. Qe7 a2 42. Qf8+ Kh5 43. Qf3+ Kh6 44. Qf8+ Kh5 45. Qf6 Qb5 46. Qf3+ Kh6 47. Qf8+ Kh5 48. Qf7 Qf5 49. Qxa2 Qb5 50. Qe2+ Kh6 51. Qe3+ Kg7 52. Qe7+ Kg8 53. Qxd6 Qb2 54. Kg2 h5 55. Qd8+ Kh7 56. Qc7+ Kh6 57. b7 1-0

[Event "Titled Tue 3rd Sep Early"]
[Site "chess.com INT"]
[Date "2024.09.03"]
[Round "7"]
[White "Rasulov, Vu"]
[Black "Sychev, K."]
[Result "1-0"]
[WhiteElo "2531"]
[BlackElo "2532"]
[PlyCount "91"]
[EventDate "2024.09.03"]

1. Nf3 Nf6 2. g3 d5 3. Bg2 g6 4. b3 c5 5. O-O Bg7 6. Bb2 O-O 7. e3 Nc6 8. c4 d4 9. exd4 cxd4 10. Re1 Re8 ({RR} 10... Bf5 11. d3 Nb4 12. Ne5 Nd7 13. Nxd7 Qxd7 14. Be4 e5 15. a3 Bxe4 16. Rxe4 Nc6 17. b4 f5 18. Re1 f4 19. Nd2 fxg3 20. fxg3 Bh6 21. Ne4 Be3+ 22. Kg2 Rf5 23. Rf1 Raf8 24. Qe2 Nd8 25. Rae1 {Wilk,I (2153)-Joseph,M (2096) chess.com INT 2025 1-0 (47)}) 11. Ne5 $146 ({RR} 11. d3 e5 12. Na3 Bf5 13. Nc2 a5 14. a3 Qd7 15. b4 axb4 16. axb4 Rxa1 17. Bxa1 Qc7 18. b5 Nd8 19. Nb4 h6 20. Nh4 Bg4 21. Qb3 Ne6 22. h3 Nc5 23. Qb1 Be6 24. Nf3 Nfd7 25. Kh2 Kh7 {Harika,D (2492)-Danielian,E (2417) Chess.com INT 2019 ½-½ (61)}) 11... Nxe5 12. Rxe5 Nd7 13. Re1 Nc5 14. d3 Bf5 15. Bf1 Qb6 16. Ba3 Rad8 17. b4 Nd7 18. Nd2 e5 19. b5 Qa5 20. Qc1 Bf8 21. Bxf8 Kxf8 22. Nb3 Qb4 23. Rb1 Qa4 24. Rb2 Kg7 25. Qd2 b6 26. Bg2 Qa3 27. Rbb1 Nc5 28. Nxc5 Qxc5 29. a4 Re7 30. a5 Rde8 31. axb6 axb6 32. Ra1 e4 33. dxe4 Bxe4 34. Bf1 Bb7 35. Rxe7 Rxe7 36. Re1 Rxe1 37. Qxe1 Qf5 38. f4 Be4 39. Qd2 Qc5 40. Bd3 Ba8 41. Qe2 Qa3 42. Kf2 Qc1 43. Qe5+ Kh6 44. g4 Qd2+ 45. Be2 d3 46. g5# 1-0